NBA Players with the Most Triple-Doubles - Statistics

General Stats
  • This quiz has been taken 14 times
  • The average score is 7 of 12
Answer Stats
# Answer % Correct
197 Nikola Jokić
100%
209 Russell Westbrook
92%
125 LeBron James
85%
82 James Harden
69%
138 Magic Johnson
62%
181 Oscar Robertson
62%
90 Luka Dončić
46%
107 Jason Kidd
38%
59 Larry Bird
38%
78 Wilt Chamberlain
38%
56 Giannis Antetokounmpo
15%
68 Domantas Sabonis
8%
No matching quizzes found
Score Distribution
Percent of People with Each Score
Percentile by Number Answered
Your Score History
You have not taken this quiz